[Event "The Youth League, season 2"]
[Site "SchemingMind.com"]
[Date "2005.11.14"]
[Round "-"]
[White "Ashmaster"]
[Black "asperse"]
[Result "1-0"]
[WhiteCountry "IRL"]
[BlackCountry "ENG"]
[WhiteElo "1399"]
[WhiteRD "69"]
[BlackElo "1358"]
[BlackRD "64"]
[GameID "30304"]

1. e4 e5 2. Nf3 Nc6 3. Bb5 d6 4. c3 Bd7 5. d4 exd4 6. cxd4 a6 7. Ba4 b5 8. Bb3 Nf6 9. Bg5 Be7 10. O-O O-O
11. Nc3 Bg4 12. h3 Bh5 13. Re1 Nb4 14. a3 Nc6 15. Qd3 b4 16. Nd1 a5 17. Rc1 Qd7 18. Qc4 Ra6 19. Qxa6 Nxe4 20. Bxe7 Qxe7
21. Qxc6 Bg6 22. Bc2 f5 23. Nd2 Re8 24. Bxe4 fxe4 25. Qxc7 Qe6 26. Qc4 Qxc4 27. Nxc4 d5 28. Nxa5 bxa3 29. bxa3 Ra8 30. Rc5 Bf7
31. Nb7 Rxa3 32. Rc8+ Be8 33. Nd6 Kf8 34. Rxe8#
1-0

[Event "The Youth League, season 2"]
[Site "SchemingMind.com"]
[Date "2005.11.14"]
[Round "-"]
[White "asperse"]
[Black "Ashmaster"]
[Result "0-1"]
[WhiteCountry "ENG"]
[BlackCountry "IRL"]
[WhiteElo "1358"]
[WhiteRD "64"]
[BlackElo "1399"]
[BlackRD "69"]
[GameID "30305"]

1. e4 c5 2. Bc4 e6 3. Nf3 d6 4. O-O Nc6 5. c3 Nf6 6. d3 Be7 7. Nbd2 a6 8. d4 cxd4 9. cxd4 b5 10. Bb3 Bb7
11. e5 dxe5 12. dxe5 Ng4 13. Re1 Bc5 14. Re2 O-O 15. Qc2 Bd4 16. Ng5 Qxg5 17. Ne4 Qh4 18. h3 Bxf2+ 19. Rxf2 Nxf2 20. Nxf2 Nd4
21. Qd2 Rfd8 22. Qe3 Rac8 23. Rb1 Nc2 24. Bxc2 Rxc2 25. Qb6 Rd1+ 26. Nxd1 Qe1+ 27. Kh2 Rxg2#
0-1

[Event "The Youth League, season 2"]
[Site "SchemingMind.com"]
[Date "2005.11.16"]
[Round "-"]
[White "Scotty919"]
[Black "Ashmaster"]
[Result "1-0"]
[WhiteCountry "ENG"]
[BlackCountry "IRL"]
[WhiteElo "1322"]
[WhiteRD "70"]
[BlackElo "1400"]
[BlackRD "63"]
[GameID "30447"]

1. e4 c5 2. Bc4 e6 3. Nc3 d6 4. Nf3 Nc6 5. O-O Nf6 6. d4 cxd4 7. Nxd4 Bd7 8. Bg5 Be7 9. Bb3 h6 10. Bxf6 Bxf6
11. Nf3 Be7 12. Re1 O-O 13. e5 dxe5 14. Nxe5 Nxe5 15. Rxe5 Bc6 16. Qxd8 Rfxd8 17. h3 Bf6 18. Ree1 Bxc3 19. bxc3 Rac8 20. Rad1 Rxd1
21. Rxd1= Bb5 22. a4 Be8 23. c4 a6 24. f3 b5 25. cxb5 axb5 26. axb5= Bxb5 27. c4 Ba6 28. Bc2 Rxc4 29. Rd8#
1-0

[Event "The Youth League, season 2"]
[Site "SchemingMind.com"]
[Date "2005.11.16"]
[Round "-"]
[White "Scotty919"]
[Black "asperse"]
[Result "0-1"]
[WhiteCountry "ENG"]
[BlackCountry "ENG"]
[WhiteElo "1284"]
[WhiteRD "70"]
[BlackElo "1358"]
[BlackRD "64"]
[GameID "30448"]

1. e4 c5 2. Nf3 Nc6 3. c3 e5 4. Qc2 d5 5. Bb5 f6 6. Bxc6+ bxc6 7. O-O d4 8. cxd4 exd4 9. Qa4 Bd7 10. Re1 Be7
11. e5 fxe5 12. Rxe5 Nf6 13. Rg5 O-O 14. Qc2 Ng4 15. Rh5 g6 16. Rh3 Bf5 17. Qc4+ Rf7 18. Nxd4 cxd4 19. Qxc6 Rc8 20. Qxc8 Qxc8
21. Na3 Qe6
0-1

[Event "The Youth League, season 2"]
[Site "SchemingMind.com"]
[Date "2005.11.16"]
[Round "-"]
[White "Ashmaster"]
[Black "Scotty919"]
[Result "0-1"]
[WhiteCountry "IRL"]
[BlackCountry "ENG"]
[WhiteElo "1400"]
[WhiteRD "63"]
[BlackElo "1322"]
[BlackRD "70"]
[GameID "30449"]

1. e4 e5 2. Nf3 Nc6 3. Bc4 Nf6 4. Ng5 d5 5. exd5 Na5 6. d3 h6 7. Nf3 Bd6 8. Nc3 O-O 9. O-O Bg4 10. h3 Bxf3
11. Qxf3 b6 12. Ne4 Nxe4 13. Qxe4 Qf6 14. Bd2 Rab8 15. Bxa5 bxa5 16. Bb3 Rfe8 17. c3 g6 18. Qe3 h5 19. Qxa7 Qf5 20. Qe3 e4
21. dxe4 Rxe4 22. Qd2 Qe5 23. g3 a4 24. Bxa4 Rxa4 25. Rfe1 Qf6 26. Qc2 c6 27. Qxa4 Rxb2 28. dxc6 Qxf2+
0-1

[Event "The Youth League, season 2"]
[Site "SchemingMind.com"]
[Date "2005.11.16"]
[Round "-"]
[White "asperse"]
[Black "Scotty919"]
[Result "1/2-1/2"]
[WhiteCountry "ENG"]
[BlackCountry "ENG"]
[WhiteElo "1358"]
[WhiteRD "64"]
[BlackElo "1284"]
[BlackRD "70"]
[GameID "30450"]

1. e4 e5 2. Nf3 Nc6 3. Bc4 d6 4. O-O Bg4 5. h3 Bxf3 6. Qxf3 Nf6 7. Nc3 Nd4 8. Qd3 Ne6 9. Bxe6 fxe6 10. Qf3 c5
11. d3 g6 12. Bg5 Bg7 13. Rad1 O-O 14. Qe3 Qa5 15. Bh6 Rf7 16. Bxg7 Kxg7 17. Ne2 Qxa2 18. Rb1 Re8 19. c3 d5 20. exd5 exd5
21. Nc1 Qxb1 22. Qxc5 Qxb2 23. d4 exd4 24. cxd4 Ne4 25. Qxd5 Nxf2 26. Nd3 Nxd3 27. Qxf7+ Kh6 28. Qxe8 Qxd4+ 29. Kh2 Qd6+ 30. Kh1 a5
31. Qe3+ Kg7 32. Rb1 Qd7 33. Rd1 Nf2+ 34. Qxf2= Qxd1+ 35. Kh2 a4=
1/2-1/2

[Event "The Youth League, season 2"]
[Site "SchemingMind.com"]
[Date "2005.11.18"]
[Round "-"]
[White "Manuel Ángel Seris-Granier"]
[Black "Ashmaster"]
[Result "1-0"]
[WhiteCountry "ESP"]
[BlackCountry "IRL"]
[WhiteElo "1965"]
[WhiteRD "163"]
[BlackElo "1400"]
[BlackRD "63"]
[GameID "30551"]

1. e4 c5 2. Nf3 Nc6 3. d4 cxd4 4. Nxd4 Nf6 5. Nc3 d6 6. Be2 g6 7. Be3 Bg7 8. Nb3 Bd7 9. O-O a6 10. a4 O-O
11. a5 Qc7 12. f4 Qc8 13. Nd5 Nxe4 14. Nb6 Qc7= 15. Nxa8 Rxa8 16. Bb6 Qc8 17. c3 Bf5 18. Bf3 Qe6 19. g4 Bxg4 20. Bxg4
1-0

[Event "The Youth League, season 2"]
[Site "SchemingMind.com"]
[Date "2005.11.18"]
[Round "-"]
[White "Manuel Ángel Seris-Granier"]
[Black "asperse"]
[Result "1-0"]
[WhiteCountry "ESP"]
[BlackCountry "ENG"]
[WhiteElo "1965"]
[WhiteRD "163"]
[BlackElo "1328"]
[BlackRD "66"]
[GameID "30552"]

1. d4 d5 2. c4 Nc6 3. Nf3 Nf6 4. Nc3 e6 5. Bg5 Be7 6. e3 O-O 7. Rc1 h6 8. Bh4 Bd6 9. Bd3 e5 10. cxd5 Nb4
11. dxe5 Bxe5 12. Nxe5 Nxd3+ 13. Qxd3 c5 14. dxc6 bxc6 15. Qxd8 Rxd8 16. Bxf6 gxf6 17. Nxc6 Re8 18. Nd5 Bd7 19. Nxf6+ Kf8 20. Nxd7+ Kg8
21. Nf6+
1-0

[Event "The Youth League, season 2"]
[Site "SchemingMind.com"]
[Date "2005.11.17"]
[Round "-"]
[White "Manuel Ángel Seris-Granier"]
[Black "Scotty919"]
[Result "1-0"]
[WhiteCountry "ESP"]
[BlackCountry "ENG"]
[WhiteElo "1965"]
[WhiteRD "163"]
[BlackElo "1322"]
[BlackRD "70"]
[GameID "30553"]

1. e4 e5 2. Nf3 Nc6 3. Bb5 d6 4. O-O Bd7 5. d4 f6 6. Nc3 a6 7. Ba4 b5 8. Bb3 Nge7 9. dxe5 dxe5 10. a4 Nb8
11. axb5 g5 12. Nxe5 fxe5 13. Qf3 Qc8 14. Qf6 Ng6 15. Bf7#
1-0

[Event "The Youth League, season 2"]
[Site "SchemingMind.com"]
[Date "2005.11.17"]
[Round "-"]
[White "Ashmaster"]
[Black "Manuel Ángel Seris-Granier"]
[Result "0-1"]
[WhiteCountry "IRL"]
[BlackCountry "ESP"]
[WhiteElo "1400"]
[WhiteRD "63"]
[BlackElo "1965"]
[BlackRD "163"]
[GameID "30554"]

1. e4 e5 2. Nf3 Nc6 3. Bc4 Nf6 4. Ng5 d5 5. exd5 b5 6. Bxb5 Qxd5 7. Be2 Bb7 8. O-O Nd4 9. Nf3 O-O-O 10. Nc3 Qe6
11. d3 Bc5 12. Be3 Qg4 13. h3 Qf5 14. Bxd4 exd4 15. Ne4 Nxe4 16. dxe4 Qxe4 17. Qd3 Rhe8 18. Qxe4 Bxe4 19. Rac1 c6 20. c3 d3
21. Bd1 d2 22. Ra1 Kc7 23. a3 Bd3
0-1

[Event "The Youth League, season 2"]
[Site "SchemingMind.com"]
[Date "2005.11.18"]
[Round "-"]
[White "asperse"]
[Black "Manuel Ángel Seris-Granier"]
[Result "0-1"]
[WhiteCountry "ENG"]
[BlackCountry "ESP"]
[WhiteElo "1328"]
[WhiteRD "66"]
[BlackElo "1965"]
[BlackRD "163"]
[GameID "30555"]

1. e4 e5 2. Bc4 Nf6 3. Qf3 Nc6 4. Nh3 Nd4 5. Qd3 d5 6. exd5 Bf5 7. Qf1 Nxc2+ 8. Kd1 Nxa1 9. Bb5+ Nd7 10. Nc3 Bb4
11. Qe2 O-O 12. b3 Nc2 13. Bb2 Nd4 14. Bxd7 Nxe2 15. Kxe2 Qxd7 16. a3 Bxc3 17. Bxc3 Bxh3 18. gxh3 Qxd5 19. Rg1 Qxb3 20. Bxe5 Qb5+
21. Kd1 Qxe5
0-1

[Event "The Youth League, season 2"]
[Site "SchemingMind.com"]
[Date "2005.11.17"]
[Round "-"]
[White "Scotty919"]
[Black "Manuel Ángel Seris-Granier"]
[Result "0-1"]
[WhiteCountry "ENG"]
[BlackCountry "ESP"]
[WhiteElo "1322"]
[WhiteRD "70"]
[BlackElo "1965"]
[BlackRD "163"]
[GameID "30556"]

1. e4 c5 2. Bc4 e6 3. Nf3 Nc6 4. O-O d6 5. Re1 Nf6 6. d4 cxd4 7. Nxd4 Be7 8. c3 O-O 9. h3 Bd7 10. Nd2 Nxd4
11. cxd4 d5 12. exd5 exd5 13. Bb3 Bb4 14. a3 Ba5 15. f3 Qb6 16. Kh1 Rae8 17. Rxe8 Rxe8 18. a4 Qxd4 19. Ba2 Qh4 20. Nf1 Re1
21. Qd3 Bxh3 22. Bxd5 Be6+
0-1

[Event "The Youth League, season 2"]
[Site "SchemingMind.com"]
[Date "2005.11.17"]
[Round "-"]
[White "alejandroales"]
[Black "Ashmaster"]
[Result "1-0"]
[WhiteCountry "ARG"]
[BlackCountry "IRL"]
[WhiteElo "1709"]
[WhiteRD "162"]
[BlackElo "1399"]
[BlackRD "69"]
[GameID "30586"]

1. Nf3 c5 2. e4 d6 3. d4 cxd4 4. Nxd4 Nf6 5. Nc3 a6 6. f4 Bd7 7. Be2 Nc6 8. Be3 g6 9. O-O Bg7 10. Kh1 O-O
11. Qd2 Qc7 12. Rg1 b5 13. g4 e6 14. a3 Na5 15. Raf1 Nc4 16. Bxc4 Qxc4 17. f5 e5 18. Nf3 Nxe4 19. Nxe4 Qxe4 20. Rg3 Qc6
21. Kg1 Bf6 22. g5 Bd8 23. f6 Rc8 24. c3 Be6 25. Qf2 Bc7 26. Rg2 d5 27. Qh4
1-0

[Event "The Youth League, season 2"]
[Site "SchemingMind.com"]
[Date "2005.11.17"]
[Round "-"]
[White "alejandroales"]
[Black "asperse"]
[Result "1-0"]
[WhiteCountry "ARG"]
[BlackCountry "ENG"]
[WhiteElo "1709"]
[WhiteRD "162"]
[BlackElo "1358"]
[BlackRD "64"]
[GameID "30587"]

1. d4 d5 2. c4 Nc6 3. Nc3 Be6 4. cxd5 Bxd5 5. e4 Be6 6. d5 Nb4 7. dxe6 fxe6 8. Qa4+ c6 9. Qxb4 e5 10. Qxb7 e6
11. Qxc6+ Kf7 12. Bc4 Qe7 13. Qxa8 Nh6 14. Nf3 Ng4 15. h3 Nh6 16. Nxe5+ Kf6 17. f4 Qb4 18. O-O Bd6 19. Qxh8 Bxe5 20. fxe5+ Kxe5
21. Qxg7+ Kd6 22. Bf4+ Kc6 23. Qc7#
1-0

[Event "The Youth League, season 2"]
[Site "SchemingMind.com"]
[Date "2005.11.17"]
[Round "-"]
[White "alejandroales"]
[Black "Scotty919"]
[Result "1-0"]
[WhiteCountry "ARG"]
[BlackCountry "ENG"]
[WhiteElo "1693"]
[WhiteRD "104"]
[BlackElo "1322"]
[BlackRD "70"]
[GameID "30588"]

1. e4 e5 2. Nf3 Nc6 3. Bc4 Nf6 4. Ng5 d5 5. exd5 Na5 6. Bb5+ Bd7 7. Qe2 Nxd5 8. d4 c6 9. Qxe5+ Be6 10. Nxe6 fxe6
11. Bd3 Qe7 12. Qh5+ g6 13. Bxg6+ hxg6 14. Qxh8 O-O-O 15. Qe5 Bg7 16. Qg3 Bxd4 17. c3 Bb6 18. O-O Rg8 19. Bg5 Qd7 20. Nd2 a6
21. Ne4 Bc7 22. Qh3 Nc4 23. b3 Nb2 24. c4 Nb4 25. Nf6 Qf7 26. Nxg8 Qxg8 27. Rae1 N2d3 28. Rxe6 Qf8 29. Re8#
1-0

[Event "The Youth League, season 2"]
[Site "SchemingMind.com"]
[Date "2005.11.17"]
[Round "-"]
[White "alejandroales"]
[Black "Manuel Ángel Seris-Granier"]
[Result "0-1"]
[WhiteCountry "ARG"]
[BlackCountry "ESP"]
[WhiteElo "1693"]
[WhiteRD "104"]
[BlackElo "1965"]
[BlackRD "163"]
[GameID "30589"]

1. e4 c5 2. Nf3 Nc6 3. d4 cxd4 4. Nxd4 Nf6 5. Nc3 e5 6. Ndb5 d6 7. Bg5 a6 8. Bxf6 gxf6 9. Na3 b5 10. Nd5 f5
11. Bd3 Be6 12. c3 Bg7 13. Nc2 O-O 14. Qh5 fxe4 15. Bxe4 f5 16. Nf4 exf4 17. Bxc6 Rc8 18. Bf3 Bf7 19. Qh3 Qe7+ 20. Kf1 a5
21. Re1 Qc7 22. Qh4 Qc4+ 23. Kg1 Qxa2 24. Nd4 Rce8 25. Rf1 Bd5 26. Qxf4 Bc4 27. Rd1 Qxb2 28. h4 Qxc3 29. h5 Re1+
0-1

[Event "The Youth League, season 2"]
[Site "SchemingMind.com"]
[Date "2005.11.17"]
[Round "-"]
[White "Ashmaster"]
[Black "alejandroales"]
[Result "0-1"]
[WhiteCountry "IRL"]
[BlackCountry "ARG"]
[WhiteElo "1399"]
[WhiteRD "69"]
[BlackElo "1709"]
[BlackRD "162"]
[GameID "30590"]

1. e4 e5 2. Nf3 f6 3. Nxe5 Qe7 4. Nd3 d5 5. f3 dxe4 6. fxe4 Qxe4+ 7. Qe2 Qxe2+ 8. Bxe2 Nc6 9. c3 Bf5 10. O-O Bg6
11. Nf4 Bd6 12. Nxg6 hxg6 13. g3 O-O-O 14. d4 Nge7 15. Bf4 Nf5 16. Nd2 Rde8 17. Bxd6 Nxd6 18. Rae1 Kd7 19. Bf3 Rxe1 20. Bxc6+ Kxc6
21. Rxe1 Re8 22. Rxe8 Nxe8 23. b3 Kd5 24. Kf2 Nd6 25. h3 g5 26. g4 g6 27. Ke3 f5 28. Nf3 Ne4 29. c4+ Kd6 30. Ne5 c5
31. d5 Kxe5
0-1

[Event "The Youth League, season 2"]
[Site "SchemingMind.com"]
[Date "2005.11.18"]
[Round "-"]
[White "asperse"]
[Black "alejandroales"]
[Result "0-1"]
[WhiteCountry "ENG"]
[BlackCountry "ARG"]
[WhiteElo "1358"]
[WhiteRD "64"]
[BlackElo "1709"]
[BlackRD "162"]
[GameID "30591"]

1. b3 d5 2. d4 Nf6 3. Nc3 Bf5 4. e3 e6 5. Bd3 Bg6 6. Nf3 c5 7. Bxg6 hxg6 8. O-O Nc6 9. dxc5 Bxc5 10. Na4 Bd6
11. g3 Qc7 12. Ng5 Ke7 13. c4 Rh5 14. f4 Rah8 15. h4 dxc4 16. bxc4 Na5 17. c5 Bxc5 18. Nxc5 Qxc5 19. a4 Qb6 20. Ba3+ Ke8
21. Rc1 Qxe3+ 22. Rf2 Nc6 23. Kg2 Qxa3 24. Kh3 Rxh4+ 25. Kg2 Rh2+ 26. Kf1 Rh1+ 27. Ke2 Rxd1 28. Rxd1 Nd5 29. Rf3 Rh2+ 30. Kf1 Qxa4
31. Re1 Nd4 32. Rd3 Qc4 33. Rd1 Nb4 34. Kg1 Nxd3 35. Kxh2 Qc2+
0-1

[Event "The Youth League, season 2"]
[Site "SchemingMind.com"]
[Date "2005.11.17"]
[Round "-"]
[White "Scotty919"]
[Black "alejandroales"]
[Result "0-1"]
[WhiteCountry "ENG"]
[BlackCountry "ARG"]
[WhiteElo "1322"]
[WhiteRD "70"]
[BlackElo "1693"]
[BlackRD "104"]
[GameID "30592"]

1. e4 e6 2. Nf3 d5 3. Nc3 Nf6 4. g3 dxe4 5. Nd4 Qxd4 6. Bg2 Bd6 7. O-O Nc6 8. Nb5 Qb6 9. Nxd6+ cxd6 10. d3 exd3
11. Qxd3 Ne7 12. Be3 Qc7 13. b3 Bd7 14. Rfe1 O-O 15. Bd4 Bc6 16. Bh3 Rac8 17. a4 Ng6 18. Qc4 Bd5 19. Qd3 Qxc2 20. Qxc2 Rxc2
21. Bxa7 Bxb3 22. a5 Ne5 23. Re3 Bd5 24. Bd4 Rfc8 25. Ree1 Nf3+
0-1

[Event "The Youth League, season 2"]
[Site "SchemingMind.com"]
[Date "2005.11.18"]
[Round "-"]
[White "Manuel Ángel Seris-Granier"]
[Black "alejandroales"]
[Result "1-0"]
[WhiteCountry "ESP"]
[BlackCountry "ARG"]
[WhiteElo "1965"]
[WhiteRD "163"]
[BlackElo "1693"]
[BlackRD "104"]
[GameID "30593"]

1. e4 c5 2. Nf3 d6 3. d4 cxd4 4. Nxd4 Nf6 5. Nc3 a6 6. Be3 e6 7. g4 h6 8. Qf3 Qc7 9. O-O-O Nc6 10. Rg1 Ne5
11. Qe2 Nexg4 12. Rxg4 Nxg4 13. Qxg4 e5 14. Nf5 g6 15. Nd5 Qd8 16. Qh4 gxf5 17. Nf6+ Ke7 18. Bb6 Qxb6 19. Nd5+
1-0

[Event "The Youth League, season 2"]
[Site "SchemingMind.com"]
[Date "2005.11.20"]
[Round "-"]
[White "njet"]
[Black "Ashmaster"]
[Result "1/2-1/2"]
[WhiteCountry "RUS"]
[BlackCountry "IRL"]
[WhiteElo "1912"]
[WhiteRD "119"]
[BlackElo "1400"]
[BlackRD "63"]
[GameID "30871"]

1. e4 c5 2. Nf3 d6 3. d4 cxd4 4. Nxd4 Nf6 5. Nc3 g6 6. Be3 Bg7 7. Qd2 Nc6 8. O-O-O a5 9. f4 Ng4 10. Nxc6 bxc6
11. Bd4 O-O 12. h3 Nf6 13. g4 c5 14. Be3 Rb8 15. e5 Qb6 16. Na4 Qc6 17. Bg2 Qxa4 18. exf6 Bxf6 19. c3 Qxa2 20. Qc2 Qb3
21. Qxb3 Rxb3 22. f5 gxf5 23. g5 Bg7 24. Bd5 Rb8 25. Rhe1 Bb7 26. h4 Bxd5 27. Rxd5 Be5 28. Bxc5 e6 29. Rdxe5 dxe5 30. Bxf8 Kxf8
31. Rxe5 Ra8 32. Rb5 Ra7 33. Kd2 Ke7 34. Rb8 Rd7+ 35. Ke3 Rd8 36. Rb5 Ra8 37. Rb7+ Kf8 38. Kf4 Kg7 39. h5 a4 40. c4 a3
41. bxa3 Rxa3 42. c5 Ra4+ 43. Ke5 f4 44. c6 f3 45. c7 f2 46. c8=Q f1=Q 47. h6+ Kg6 48. Qg8+ Kh5 49. Qxf7+ Qxf7 50. Rxf7 Kxg5
51. Rxh7 Rh4= 52. Kxe6 Rxh6+= 53. Rxh6 Kxh6
1/2-1/2

[Event "The Youth League, season 2"]
[Site "SchemingMind.com"]
[Date "2005.11.20"]
[Round "-"]
[White "njet"]
[Black "asperse"]
[Result "1-0"]
[WhiteCountry "RUS"]
[BlackCountry "ENG"]
[WhiteElo "1618"]
[WhiteRD "260"]
[BlackElo "1358"]
[BlackRD "64"]
[GameID "30872"]

1. e4 e5 2. f4 Nc6 3. Nf3 d6 4. Bc4 Nf6 5. O-O Nxe4 6. fxe5 dxe5 7. Bxf7+ Kxf7 8. Nxe5+ Ke8 9. Qh5+ g6 10. Nxg6 Rg8
11. Nxf8+ Ke7 12. Qxh7+ Ke8 13. Qf7#
1-0

[Event "The Youth League, season 2"]
[Site "SchemingMind.com"]
[Date "2005.11.20"]
[Round "-"]
[White "njet"]
[Black "Scotty919"]
[Result "1-0"]
[WhiteCountry "RUS"]
[BlackCountry "ENG"]
[WhiteElo "1912"]
[WhiteRD "119"]
[BlackElo "1322"]
[BlackRD "70"]
[GameID "30873"]

1. e4 e5 2. f4 exf4 3. Nf3 d5 4. exd5 Qxd5 5. Nc3 Qd6 6. d4 Nf6 7. Nb5 Qc6 8. Bxf4 Nd5 9. Ne5 Qf6 10. Bg3 Ne3
11. Nxc7+ Kd8 12. Qd2 Nf5 13. Nxa8 Bd6 14. Qa5+ Ke8 15. Nc7+ Kf8 16. Nd5
1-0

[Event "The Youth League, season 2"]
[Site "SchemingMind.com"]
[Date "2005.11.20"]
[Round "-"]
[White "njet"]
[Black "Manuel Ángel Seris-Granier"]
[Result "1-0"]
[WhiteCountry "RUS"]
[BlackCountry "ESP"]
[WhiteElo "1960"]
[WhiteRD "106"]
[BlackElo "2019"]
[BlackRD "123"]
[GameID "30874"]

1. e4 e5 2. f4 exf4 3. Nf3 g5 4. h4 g4 5. Ne5 Nf6 6. Bc4 d5 7. exd5 Bd6 8. d4 Nh5 9. Nc3 Qe7 10. O-O Bxe5
11. Nb5 O-O 12. dxe5 Qxh4 13. Rxf4 Nxf4 14. Bxf4 g3 15. Qf3 a6 16. Nxc7 Ra7 17. d6 b5 18. Bd5 Qh2+ 19. Kf1 Bb7 20. Bxb7 Rxb7
21. Be3
1-0

[Event "The Youth League, season 2"]
[Site "SchemingMind.com"]
[Date "2005.11.20"]
[Round "-"]
[White "njet"]
[Black "alejandroales"]
[Result "1-0"]
[WhiteCountry "RUS"]
[BlackCountry "ARG"]
[WhiteElo "1912"]
[WhiteRD "119"]
[BlackElo "1693"]
[BlackRD "104"]
[GameID "30875"]

1. e4 c5 2. Nf3 d6 3. d4 cxd4 4. Nxd4 Nf6 5. Nc3 a6 6. Bg5 e6 7. f4 Be7 8. Qf3 Nbd7 9. O-O-O Qc7 10. g4 b5
11. e5 Bb7 12. Qg3 Bxh1 13. exf6 gxf6 14. Bh6 Rc8 15. Qh3 e5 16. Nf5 b4 17. Bxa6 Bb7 18. Bxb7 Qxb7 19. Nd5 Qc6 20. Qb3 Bf8
21. Bxf8 Kxf8 22. Nde7 Qb7 23. Nxd6
1-0

[Event "The Youth League, season 2"]
[Site "SchemingMind.com"]
[Date "2005.11.21"]
[Round "-"]
[White "Ashmaster"]
[Black "njet"]
[Result "0-1"]
[WhiteCountry "IRL"]
[BlackCountry "RUS"]
[WhiteElo "1400"]
[WhiteRD "63"]
[BlackElo "1912"]
[BlackRD "119"]
[GameID "30876"]

1. e4 c5 2. Nf3 d6 3. d4 cxd4 4. Nxd4 Nf6 5. Nc3 a6 6. Bg5 e6 7. f4 Qc7 8. Qf3 Be7 9. O-O-O b5 10. g4 Bb7
11. Bxf6 Bxf6 12. g5 Bxd4 13. Rxd4 Nc6 14. Rd2 Ke7 15. f5 Ne5 16. Qf4 Nc4 17. Rf2 e5 18. Qh4 b4 19. f6+ gxf6 20. gxf6+ Kd8
21. Bxc4 Qxc4 22. Rd1 bxc3 23. Rxd6+ Kc7 24. Rd1 Qxa2 25. bxc3 Qa1+
0-1

[Event "The Youth League, season 2"]
[Site "SchemingMind.com"]
[Date "2005.11.20"]
[Round "-"]
[White "asperse"]
[Black "njet"]
[Result "0-1"]
[WhiteCountry "ENG"]
[BlackCountry "RUS"]
[WhiteElo "1328"]
[WhiteRD "66"]
[BlackElo "1912"]
[BlackRD "119"]
[GameID "30877"]

1. e4 c5 2. Bc4 e6 3. Nc3 Nc6 4. d3 Nf6 5. Bg5 Be7 6. Qf3 O-O 7. O-O-O Ne5 8. Qg3 Nxc4 9. dxc4 b6 10. Bh6 Ne8
11. Nf3 f5 12. exf5 Rxf5 13. Rhe1 d5 14. Ne5 Bg5+ 15. Bxg5 Rxg5 16. Qf3 Rf5 17. Qg3 d4 18. Na4 Qf6 19. Ng4 Qg5+ 20. Rd2 Bd7
21. b3 Bxa4 22. bxa4= Nf6 23. h3 Rf8 24. Rxe6 Nxg4 25. hxg4 Rxf2 26. Qd3 Rxd2 27. Qxd2 Rf1+
0-1

[Event "The Youth League, season 2"]
[Site "SchemingMind.com"]
[Date "2005.11.21"]
[Round "-"]
[White "Scotty919"]
[Black "njet"]
[Result "0-1"]
[WhiteCountry "ENG"]
[BlackCountry "RUS"]
[WhiteElo "1322"]
[WhiteRD "70"]
[BlackElo "1912"]
[BlackRD "119"]
[GameID "30878"]

1. e4 c5 2. Nf3 d6 3. Bc4 e6 4. O-O Nc6 5. Re1 Be7 6. c3 Nf6 7. Na3 O-O 8. d3 a6 9. h3 d5 10. Bb3 b5
11. c4 dxc4 12. dxc4 b4 13. Nc2 Qxd1 14. Rxd1 Nxe4 15. a3 Bb7 16. Re1 Na5 17. Ba4 Nxc4 18. Ra2 Nb6 19. b3 Nxa4 20. bxa4 Nc3
21. Ra1 b3 22. Ne3 Bxf3 23. gxf3 Nxa4 24. Nc4 Rfd8 25. f4 Rd4 26. Ne5 b2 27. Bxb2 Nxb2 28. Rab1 Nd3 29. Nxd3 Rxd3 30. Rb7 Bh4
31. a4 Rd2 32. Rf1 Rc8 33. a5 c4 34. Rfb1 c3 35. Rb8 Rxb8 36. Rxb8+ Rd8 37. Rb6 c2 38. Rc6 Rd1+
0-1

[Event "The Youth League, season 2"]
[Site "SchemingMind.com"]
[Date "2005.11.20"]
[Round "-"]
[White "Manuel Ángel Seris-Granier"]
[Black "njet"]
[Result "1-0"]
[WhiteCountry "ESP"]
[BlackCountry "RUS"]
[WhiteElo "2019"]
[WhiteRD "123"]
[BlackElo "1960"]
[BlackRD "106"]
[GameID "30879"]

1. e4 c5 2. Nf3 d6 3. d4 cxd4 4. Nxd4 Nf6 5. Nc3 a6 6. Bg5 e6 7. f4 Qb6 8. Qd2 Qxb2 9. Rb1 Qa3 10. f5 Nc6
11. fxe6 fxe6 12. Nxc6 bxc6 13. Rb3 Qa5 14. Be2 Be7 15. O-O Qc7 16. e5 dxe5 17. Bxf6 Bxf6 18. Bh5+ Ke7 19. Ne4 Rd8 20. Qe1 Rd4
21. Rg3 g6 22. Qf2
1-0

[Event "The Youth League, season 2"]
[Site "SchemingMind.com"]
[Date "2005.11.21"]
[Round "-"]
[White "alejandroales"]
[Black "njet"]
[Result "0-1"]
[WhiteCountry "ARG"]
[BlackCountry "RUS"]
[WhiteElo "1693"]
[WhiteRD "104"]
[BlackElo "1912"]
[BlackRD "119"]
[GameID "30880"]

1. e4 c5 2. Nf3 d6 3. d4 cxd4 4. Nxd4 Nf6 5. Nc3 a6 6. Bg5 e6 7. f4 Qc7 8. Qf3 Be7 9. O-O-O b5 10. Be2 Bb7
11. Qe3 Nc6 12. g4 b4 13. Na4 Rc8 14. Kb1 Nxd4 15. Bd3 Nxc2 16. Bxc2 Qxc2+ 17. Ka1 Qxa4 18. Bxf6 Bxf6 19. g5 Bxb2+
0-1

[Event "The Youth League, season 2"]
[Site "SchemingMind.com"]
[Date "2005.11.25"]
[Round "-"]
[White "thinkfirst29"]
[Black "Ashmaster"]
[Result "1-0"]
[WhiteCountry "USA"]
[BlackCountry "IRL"]
[WhiteElo "1656"]
[WhiteRD "70"]
[BlackElo "1400"]
[BlackRD "63"]
[GameID "31314"]

1. e4 c5 2. d4 cxd4 3. Nf3 Nc6 4. Nxd4 Nf6 5. Nc3 e5 6. Nf5 d6 7. Bb5 a6 8. Ba4 Bxf5 9. exf5 Qc8 10. g4 Nd7
11. Be3 b5 12. Bb3 Be7 13. h4 Qb7 14. Qd5 O-O 15. g5 Nd8 16. g6 Qxd5 17. Nxd5 Bf6 18. h5 h6 19. O-O-O Rc8 20. Nxf6+ Nxf6
21. Rxd6 Ne4 22. Rxa6 Rc6 23. gxf7+ Rxf7 24. Rxc6
1-0

[Event "The Youth League, season 2"]
[Site "SchemingMind.com"]
[Date "2005.11.25"]
[Round "-"]
[White "thinkfirst29"]
[Black "Manuel Ángel Seris-Granier"]
[Result "0-1"]
[WhiteCountry "USA"]
[BlackCountry "ESP"]
[WhiteElo "1601"]
[WhiteRD "71"]
[BlackElo "1972"]
[BlackRD "114"]
[GameID "31317"]

1. e4 e5 2. Nf3 Nc6 3. Bc4 Nf6 4. Ng5 d5 5. exd5 Nxd5 6. Nxf7 Kxf7 7. Qf3+ Ke6 8. Nc3 Nb4 9. O-O c6 10. d4 Nxc2
11. Qg4+ Kf7 12. Qh5+ g6 13. Qxe5 Bg7 14. Qf4+ Bf6 15. Rb1 Rf8 16. Ne4 Nxd4 17. Re1 Bf5 18. Nd6+ Kg7 19. Qh6+ Kg8 20. Nxf5 Nxf5
21. Qh3 b5 22. Bb3 Nd4 23. Bh6 Rf7 24. Re6 Nxe6 25. Qxe6 Qd7 26. Qe2 Bd4 27. Rf1 Re8 28. Qd3 Bxf2+ 29. Rxf2 Re1+ 30. Rf1 Rexf1+
31. Qxf1 Rxf1+ 32. Kxf1 Qf5+ 33. Ke2 g5 34. h4 Qe6+
0-1